|
|
|
|
| LEADER |
01210nam a22002657a 4500 |
| 001 |
19136 |
| 003 |
BD-DhAAL |
| 005 |
20230710152057.0 |
| 008 |
230710t2002 ii ||||| |||| 00| 0 ben d |
| 020 |
|
|
|a 817751072X
|
| 040 |
|
|
|a BD-DhAAL
|d BD-DhAAL
|
| 041 |
|
|
|a ben
|
| 082 |
|
|
|a 954.035
|
| 245 |
|
|
|a ভারত ছাড়ো আন্দোলন :
|b বিপ্লবীদের মুখোমুখি /
|c সম্পাদক গৌতম চট্টোপাধ্যায়.
|
| 260 |
|
|
|a কলকাতা :
|b পশ্চিমবঙ্গ বাংলা আকাদেমি,
|c ২০০২
|
| 300 |
|
|
|a ১১২ পৃষ্ঠা :
|c ২২ সে.মি.
|
| 541 |
|
|
|e 19136
|
| 650 |
|
|
|a Nationalism
|z India
|x History.
|
| 651 |
|
|
|a India
|x Politics and government
|y 1857-1919.
|
| 651 |
|
|
|a India
|x Politics and government
|y 1919-1947.
|
| 700 |
|
|
|a চট্টোপাধ্যায়, গৌতম .
|9 55013
|
| 852 |
|
|
|a Ayesha Abed Library
|c General Stacks
|
| 942 |
|
|
|2 ddc
|c BK
|
| 999 |
|
|
|c 45945
|d 45945
|
| 952 |
|
|
|0 0
|1 0
|2 ddc
|4 0
|6 954_035000000000000_BHA
|7 0
|9 73889
|a BIGD
|b BIGD
|c GEN
|d 2023-07-10
|g 45.00
|l 0
|o 954.035 BHA
|p 3050019136
|r 2023-07-10
|t 1
|w 2023-07-10
|y BK
|x Transferred from BDI to BIGD.
|